| 000 | 01203nac a22003491u 4500 | ||
|---|---|---|---|
| 003 | EG-ScBUE | ||
| 005 | 20220228125226.0 | ||
| 008 | 200219r20041985ua f 000 f eng d | ||
| 020 | _a9789774241079 | ||
| 020 | _a977424107X | ||
| 040 |
_aEG-ScBUE _beng _erda _cEG-ScBUE _dEG-ScBUE |
||
| 041 | 1 |
_aeng _hara |
|
| 082 | 0 | 4 |
_a892.736 _bMAH _222 |
| 100 | 1 |
_aMaḥfūẓ, Najīb, _d1911-2006, _eauthor. |
|
| 245 | 1 | 0 |
_aAutumn quail / _cNaguib Mahfouz ; translated by Roger Allen ; revised by John Rodenbeck. |
| 250 | _aEighth printing. | ||
| 264 | 1 |
_aCairo : _bThe American University in Cairo Press, _c2004. |
|
| 300 |
_a172 pages ; _c20 cm. |
||
| 336 |
_2rdacontent _atext _btxt |
||
| 337 |
_2rdamedia _aunmediated _bn |
||
| 338 |
_2rdacarrier _avolume _bnc |
||
| 490 | 0 | _aModern Arabic writing | |
| 546 | _aText in English ; translated from the original Arabic. | ||
| 650 | 7 |
_aEgyptian fiction _xTranslations into English. _2BUEsh |
|
| 651 | 7 |
_aCairo (Egypt) _vFiction _2BUEsh |
|
| 651 | 7 |
_aEgypt _xIn literature. _2BUEsh |
|
| 653 |
_bARALIT _cFebruary2022 |
||
| 655 |
_vReading book _934232 |
||
| 700 | 1 |
_aAllen, Roger, _etranslator. |
|
| 700 | 1 |
_aRodenbeck, John, _ereviewer. |
|
| 942 |
_cBB _2ddc |
||
| 999 |
_c2685 _d2685 |
||